000 00479nam a2200157 i 4500
001 22907
003 ES-MaACL
005 20230906152758.0
007 t|
008 021205s1969 sp ||||1| spa d
100 1 _aAlvarez Seisdedos, Francisco.
_920965
245 1 3 _aLa Biblia y su lectura /
_cFrancisco Alvarez Seisdedos.
260 _aSevilla :
_b[Instituto de Pastoral ;
_aJerez :
_bExportador,
_c1969]
300 _a152 p. ;
_c21 cm.
852 _aES-MaACL
_jC-49887
_bR.70327
999 _c22907
_d22907